Personal accisent, sickness & misc. insurances (Record no. 124)
[ view plain ]
| 000 -LEADER | |
|---|---|
| fixed length control field | 00492 a2200181 4500 |
| 001 - CONTROL NUMBER | |
| control field | 065780 |
| 003 - CONTROL NUMBER IDENTIFIER | |
| control field | OSt |
| 005 - DATE AND TIME OF LATEST TRANSACTION | |
| control field | 20210903154755.0 |
| 008 - FIXED-LENGTH DATA ELEMENTS--GENERAL INFORMATION | |
| fixed length control field | |
| 082 ## - DEWEY DECIMAL CLASSIFICATION NUMBER | |
| Classification number | 368 |
| Item number | K12P |
| 100 1# - MAIN ENTRY--PERSONAL NAME | |
| Personal name | Kaikini, A.N. |
| 245 1# - TITLE STATEMENT | |
| Title | Personal accisent, sickness & misc. insurances |
| Statement of responsibility, etc | by A.N. Kaikini and R.D. Mishra |
| 260 ## - PUBLICATION, DISTRIBUTION, ETC. (IMPRINT) | |
| Place of publication, distribution, etc | Mumbai |
| Name of publisher, distributor, etc | Insurance Institute of India |
| Date of publication, distribution, etc | 2009 |
| 300 ## - PHYSICAL DESCRIPTION | |
| Extent | 269p. |
| 690 ## - LOCAL SUBJECT ADDED ENTRY--TOPICAL TERM (OCLC, RLIN) | |
| Topical term or geographic name as entry element | Statistics; insurance |
| 700 ## - ADDED ENTRY--PERSONAL NAME | |
| Personal name | Mishra, R.D. |
| 942 ## - ADDED ENTRY ELEMENTS (KOHA) | |
| Source of classification or shelving scheme | Dewey Decimal Classification |
| Koha item type | Books |
| Withdrawn status | Lost status | Damaged status | Not for loan | Collection code | Home library | Current library | Date acquired | Source of acquisition | Cost, normal purchase price | Full call number | Barcode | Date last seen | Price effective from | Koha item type | Total Checkouts | Date checked out |
|---|---|---|---|---|---|---|---|---|---|---|---|---|---|---|---|---|
| General Text Book | Central University Of Rajasthan | Central University Of Rajasthan | 07/03/2012 | STT | 100.00 | 368 K12P | 64 | 21/11/2024 | 02/09/2020 | Books | ||||||
| General Text Book | Central University Of Rajasthan | Central University Of Rajasthan | 07/03/2012 | STT | 100.00 | 368 K12P | 65 | 21/11/2024 | 02/09/2020 | Books | 1 | 18/11/2024 | ||||
| General Text Book | Central University Of Rajasthan | Central University Of Rajasthan | 07/03/2012 | STT | 0.00 | 368 K12P | 66 | 02/09/2020 | 02/09/2020 | Books |
